| 000 -LEADER |
| fixed length control field |
02383cam a2200541 i 4500 |
| 001 - CONTROL NUMBER |
| control field |
19655991 |
| 003 - CONTROL NUMBER IDENTIFIER |
| control field |
OSt |
| 005 - DATE AND TIME OF LATEST TRANSACTION |
| control field |
20230103120601.0 |
| 008 - FIXED-LENGTH DATA ELEMENTS--GENERAL INFORMATION |
| fixed length control field |
170522s2018 mnuab j 001 0 eng d |
| 010 ## - LIBRARY OF CONGRESS CONTROL NUMBER |
| LC control number |
2017943151 |
| 020 ## - INTERNATIONAL STANDARD BOOK NUMBER |
| International Standard Book Number |
9781532104404 |
| Qualifying information |
(library binding) |
| 035 ## - SYSTEM CONTROL NUMBER |
| System control number |
(OCoLC)on1024124870 |
| 040 ## - CATALOGING SOURCE |
| Original cataloging agency |
FLWMD |
| Language of cataloging |
eng |
| Transcribing agency |
FLWMD |
| Description conventions |
rda |
| Modifying agency |
YDX |
| -- |
BDX |
| -- |
GK8 |
| -- |
SINLB |
| -- |
OCLCF |
| -- |
IG$ |
| -- |
HCO |
| -- |
K#T |
| -- |
VHP |
| -- |
TXWBR |
| -- |
DLC |
| -- |
KH8 |
| 042 ## - AUTHENTICATION CODE |
| Authentication code |
lccopycat |
| 043 ## - GEOGRAPHIC AREA CODE |
| Geographic area code |
f-ua--- |
| 082 04 - DEWEY DECIMAL CLASSIFICATION NUMBER |
| Classification number |
932 HAN |
| Edition number |
23 |
| 100 1# - MAIN ENTRY--PERSONAL NAME |
| Personal name |
Hansen, Grace, |
| Relator term |
author. |
| 245 10 - TITLE STATEMENT |
| Title |
Great Pyramid of Giza / |
| Statement of responsibility, etc. |
by Grace Hansen. |
| 264 #1 - PRODUCTION, PUBLICATION, DISTRIBUTION, MANUFACTURE, AND COPYRIGHT NOTICE |
| Place of production, publication, distribution, manufacture |
Minneapolis, Minnesota : |
| Name of producer, publisher, distributor, manufacturer |
Abdo Kids, |
| Date of production, publication, distribution, manufacture, or copyright notice |
[2018] |
| 300 ## - PHYSICAL DESCRIPTION |
| Extent |
24 pages : |
| Other physical details |
illustrations (chiefly color), map ; |
| Dimensions |
24 x 29 cm. |
| 336 ## - CONTENT TYPE |
| Content type term |
text |
| Content type code |
txt |
| Source |
rdacontent |
| 337 ## - MEDIA TYPE |
| Media type term |
unmediated |
| Media type code |
n |
| Source |
rdamedia |
| 338 ## - CARRIER TYPE |
| Carrier type term |
volume |
| Carrier type code |
nc |
| Source |
rdacarrier |
| 490 1# - SERIES STATEMENT |
| Series statement |
World wonders |
| 504 ## - BIBLIOGRAPHY, ETC. NOTE |
| Bibliography, etc. note |
Includes index. |
| 505 0# - FORMATTED CONTENTS NOTE |
| Formatted contents note |
The Great Pyramid of Giza -- The Giza plateau -- More facts. |
| 520 ## - SUMMARY, ETC. |
| Summary, etc. |
"The Great Pyramid of Giza in Egypt was built thousands of years ago, but still stands today. Young readers will learn about who built it, when it was built, and why it was built. This title is complete with impressive historical and current photographs and images, and simple text. Aligned to Common Core Standards and correlated to state standards."--Publisher's description. |
| 648 #7 - SUBJECT ADDED ENTRY--CHRONOLOGICAL TERM |
| Chronological term |
To 332 B.C. |
| Source of heading or term |
fast |
| 650 #0 - SUBJECT ADDED ENTRY--TOPICAL TERM |
| Topical term or geographic name entry element |
Great Pyramid (Egypt) |
| Form subdivision |
Juvenile literature. |
| 650 #1 - SUBJECT ADDED ENTRY--TOPICAL TERM |
| Topical term or geographic name entry element |
Great Pyramid (Egypt). |
| 650 #7 - SUBJECT ADDED ENTRY--TOPICAL TERM |
| Topical term or geographic name entry element |
Antiquities. |
| Source of heading or term |
fast |
| Authority record control number or standard number |
(OCoLC)fst00810745 |
| 650 #7 - SUBJECT ADDED ENTRY--TOPICAL TERM |
| Topical term or geographic name entry element |
Buildings. |
| Source of heading or term |
fast |
| Authority record control number or standard number |
(OCoLC)fst00840962 |
| 650 #7 - SUBJECT ADDED ENTRY--TOPICAL TERM |
| Topical term or geographic name entry element |
Civilization. |
| Source of heading or term |
fast |
| Authority record control number or standard number |
(OCoLC)fst00862898 |
| 650 #7 - SUBJECT ADDED ENTRY--TOPICAL TERM |
| Topical term or geographic name entry element |
Great Pyramid (Egypt) |
| Source of heading or term |
fast |
| Authority record control number or standard number |
(OCoLC)fst00947027 |
| 651 #0 - SUBJECT ADDED ENTRY--GEOGRAPHIC NAME |
| Geographic name |
Egypt |
| General subdivision |
Civilization |
| Chronological subdivision |
To 332 B.C. |
| Form subdivision |
Juvenile literature. |
| 651 #0 - SUBJECT ADDED ENTRY--GEOGRAPHIC NAME |
| Geographic name |
Egypt |
| General subdivision |
Antiquities |
| Form subdivision |
Juvenile literature. |
| 651 #0 - SUBJECT ADDED ENTRY--GEOGRAPHIC NAME |
| Geographic name |
Egypt |
| General subdivision |
Buildings, structures, etc. |
| Form subdivision |
Juvenile literature. |
| 651 #1 - SUBJECT ADDED ENTRY--GEOGRAPHIC NAME |
| Geographic name |
Egypt |
| General subdivision |
Civilization |
| Chronological subdivision |
To 332 B.C. |
| 651 #1 - SUBJECT ADDED ENTRY--GEOGRAPHIC NAME |
| Geographic name |
Egypt |
| General subdivision |
Antiquities. |
| 651 #1 - SUBJECT ADDED ENTRY--GEOGRAPHIC NAME |
| Geographic name |
Egypt |
| General subdivision |
Buildings, structures, etc. |
| 651 #4 - SUBJECT ADDED ENTRY--GEOGRAPHIC NAME |
| Geographic name |
Egypt. |
| 651 #7 - SUBJECT ADDED ENTRY--GEOGRAPHIC NAME |
| Geographic name |
Egypt. |
| Source of heading or term |
fast |
| Authority record control number or standard number |
(OCoLC)fst01208755 |
| 655 #7 - INDEX TERM--GENRE/FORM |
| Genre/form data or focus term |
Juvenile works. |
| Source of term |
fast |
| Authority record control number or standard number |
(OCoLC)fst01411637 |
| 800 1# - SERIES ADDED ENTRY--PERSONAL NAME |
| Personal name |
Hansen, Grace. |
| Title of a work |
World wonders. |
| 906 ## - LOCAL DATA ELEMENT F, LDF (RLIN) |
| a |
7 |
| b |
cbc |
| c |
copycat |
| d |
2 |
| e |
epcn |
| f |
20 |
| g |
y-gencatlg |
| 942 ## - ADDED ENTRY ELEMENTS (KOHA) |
| Source of classification or shelving scheme |
|
| Koha item type |
Books - Non Ficton |